| 000 | 00760cam a22002532 4500 | ||
|---|---|---|---|
| 001 | 23800 | ||
| 003 | BD-RjUL | ||
| 005 | 20211209000955.0 | ||
| 008 | 140311s1949 nyu b 000 0 eng | ||
| 035 | _a(BD-RjUL)23865 | ||
| 040 |
_aDLC _cTJC _dBD-RjUL _dBD-RjUL _beng |
||
| 041 | _aeng | ||
| 082 |
_a575.1 _bPAN 1949 |
||
| 100 | 1 |
_aPastore, Nicholas, _d1916-1998. _973294 |
|
| 245 | 1 | 4 |
_aThe nature-nurture controversy / _cWith a foreword by Goodwin Watson. |
| 260 |
_aNew York : _bKing's Crown Press, _c1949. |
||
| 300 |
_axiii, 213 p. : _c21 cm. _bill. ; |
||
| 504 | _aBibliography: p. [183]-208. | ||
| 650 | 0 |
_aHeredity, Human. _937327 |
|
| 650 | 0 |
_aEducational psychology. _973295 |
|
| 942 |
_2ddc _cBK |
||
| 999 |
_c23800 _d23800 |
||